<?xml version="1.0" encoding="UTF-8"?>
<record
    xmlns:xsi="http://www.w3.org/2001/XMLSchema-instance"
    xsi:schemaLocation="http://www.loc.gov/MARC21/slim http://www.loc.gov/standards/marcxml/schema/MARC21slim.xsd"
    xmlns="http://www.loc.gov/MARC21/slim">

  <leader>00676nam a22001577a 4500</leader>
  <controlfield tag="003">OSt</controlfield>
  <controlfield tag="005">20151212085246.0</controlfield>
  <controlfield tag="008">151212b        xxu||||| |||| 00| 0 eng d</controlfield>
  <datafield tag="040" ind1=" " ind2=" ">
    <subfield code="c">RUA</subfield>
  </datafield>
  <datafield tag="082" ind1=" " ind2=" ">
    <subfield code="a">ATM.s YIM 2004 B203 Or.1</subfield>
  </datafield>
  <datafield tag="100" ind1=" " ind2=" ">
    <subfield code="9">4742</subfield>
    <subfield code="a">YIM, UTH.</subfield>
  </datafield>
  <datafield tag="245" ind1=" " ind2=" ">
    <subfield code="a">Compost fertilizer application to rice at preah sdach district prey veng privince, &#x1780;&#x17B6;&#x179A;&#x1794;&#x17D2;&#x179A;&#x17BE;&#x1794;&#x17D2;&#x179A;&#x17B6;&#x179F;&#x17CB;&#x1787;&#x17B8;&#x1780;&#x17C6;&#x1794;&#x17C9;&#x17BB;&#x179F;&#x17D2;&#x178A;&#x17B7;&#x17CD;&#x1791;&#x17C5;&#x179B;&#x17BE;&#x178A;&#x17C6;&#x178E;&#x17B6;&#x17C6;&#x179F;&#x17D2;&#x179A;&#x17BC;&#x179C;&#x179A;&#x1794;&#x179F;&#x17CB;&#x1780;&#x179F;&#x17B7;&#x1780;&#x179A;&#x1793;&#x17C5;&#x179F;&#x17D2;&#x179A;&#x17BB;&#x1780;&#x1796;&#x17D2;&#x179A;&#x17C7;&#x179F;&#x17D2;&#x178A;&#x17C1;&#x1785;&#x1781;&#x17C1;&#x178F;&#x17D2;&#x178F;&#x1796;&#x17D2;&#x179A;&#x17C3;&#x179C;&#x17C2;&#x1784;</subfield>
  </datafield>
  <datafield tag="260" ind1=" " ind2=" ">
    <subfield code="a">Phnom Penh</subfield>
    <subfield code="b">RUA</subfield>
    <subfield code="c">2004</subfield>
  </datafield>
  <datafield tag="300" ind1=" " ind2=" ">
    <subfield code="a">vii; 34p.</subfield>
    <subfield code="b">ill.</subfield>
    <subfield code="c">29cm.</subfield>
  </datafield>
  <datafield tag="942" ind1=" " ind2=" ">
    <subfield code="2">ddc</subfield>
    <subfield code="c">ATMSP</subfield>
  </datafield>
  <datafield tag="999" ind1=" " ind2=" ">
    <subfield code="c">4419</subfield>
    <subfield code="d">4419</subfield>
  </datafield>
  <datafield tag="952" ind1=" " ind2=" ">
    <subfield code="0">0</subfield>
    <subfield code="1">0</subfield>
    <subfield code="2">ddc</subfield>
    <subfield code="4">0</subfield>
    <subfield code="6">ATM__S_YIM_2004_000000000000000_B203_OR_1</subfield>
    <subfield code="7">0</subfield>
    <subfield code="9">22823</subfield>
    <subfield code="a">LBB</subfield>
    <subfield code="b">LBB</subfield>
    <subfield code="c">B203</subfield>
    <subfield code="d">2015-12-12</subfield>
    <subfield code="o">ATM.s YIM 2004 B203 Or.1</subfield>
    <subfield code="p">RUA016909</subfield>
    <subfield code="r">2015-12-12</subfield>
    <subfield code="w">2015-12-12</subfield>
    <subfield code="y">ATMSP</subfield>
  </datafield>
  <datafield tag="952" ind1=" " ind2=" ">
    <subfield code="0">0</subfield>
    <subfield code="1">0</subfield>
    <subfield code="2">ddc</subfield>
    <subfield code="4">0</subfield>
    <subfield code="6">ATM__S_YIM_2004_000000000000000_B203_OR_2</subfield>
    <subfield code="7">0</subfield>
    <subfield code="9">22824</subfield>
    <subfield code="a">LBB</subfield>
    <subfield code="b">LBB</subfield>
    <subfield code="c">B203</subfield>
    <subfield code="d">2015-12-12</subfield>
    <subfield code="o">ATM.s YIM 2004 B203 Or.2</subfield>
    <subfield code="p">RUA016767</subfield>
    <subfield code="r">2015-12-12</subfield>
    <subfield code="w">2015-12-12</subfield>
    <subfield code="y">ATMSP</subfield>
  </datafield>
  <datafield tag="952" ind1=" " ind2=" ">
    <subfield code="0">0</subfield>
    <subfield code="1">0</subfield>
    <subfield code="2">ddc</subfield>
    <subfield code="4">0</subfield>
    <subfield code="6">ATM__S_YIM_2004_000000000000000_B203_OR_3</subfield>
    <subfield code="7">0</subfield>
    <subfield code="9">22825</subfield>
    <subfield code="a">LBB</subfield>
    <subfield code="b">LBB</subfield>
    <subfield code="c">B203</subfield>
    <subfield code="d">2015-12-12</subfield>
    <subfield code="o">ATM.s YIM 2004 B203 Or.3</subfield>
    <subfield code="p">RUA016769</subfield>
    <subfield code="r">2015-12-12</subfield>
    <subfield code="w">2015-12-12</subfield>
    <subfield code="y">ATMSP</subfield>
  </datafield>
  <datafield tag="952" ind1=" " ind2=" ">
    <subfield code="0">0</subfield>
    <subfield code="1">0</subfield>
    <subfield code="2">ddc</subfield>
    <subfield code="4">0</subfield>
    <subfield code="6">ATM__S_YIM_2004_000000000000000_B203_OR_4</subfield>
    <subfield code="7">0</subfield>
    <subfield code="9">22826</subfield>
    <subfield code="a">LBB</subfield>
    <subfield code="b">LBB</subfield>
    <subfield code="c">B203</subfield>
    <subfield code="d">2015-12-12</subfield>
    <subfield code="o">ATM.s YIM 2004 B203 Or.4</subfield>
    <subfield code="p">RUA016839</subfield>
    <subfield code="r">2015-12-12</subfield>
    <subfield code="w">2015-12-12</subfield>
    <subfield code="y">ATMSP</subfield>
  </datafield>
  <datafield tag="952" ind1=" " ind2=" ">
    <subfield code="0">0</subfield>
    <subfield code="1">0</subfield>
    <subfield code="2">ddc</subfield>
    <subfield code="4">0</subfield>
    <subfield code="6">ATM__S_YIM_2004_000000000000000_B203_OR_5</subfield>
    <subfield code="7">0</subfield>
    <subfield code="9">22827</subfield>
    <subfield code="a">LBB</subfield>
    <subfield code="b">LBB</subfield>
    <subfield code="c">B203</subfield>
    <subfield code="d">2015-12-12</subfield>
    <subfield code="o">ATM.s YIM 2004 B203 Or.5</subfield>
    <subfield code="p">RUA016983</subfield>
    <subfield code="r">2015-12-12</subfield>
    <subfield code="w">2015-12-12</subfield>
    <subfield code="y">ATMSP</subfield>
  </datafield>
  <datafield tag="952" ind1=" " ind2=" ">
    <subfield code="0">0</subfield>
    <subfield code="1">0</subfield>
    <subfield code="2">ddc</subfield>
    <subfield code="4">0</subfield>
    <subfield code="6">ATM__S_YIM_2004_000000000000000_B203_OR_6</subfield>
    <subfield code="7">0</subfield>
    <subfield code="9">22828</subfield>
    <subfield code="a">LBB</subfield>
    <subfield code="b">LBB</subfield>
    <subfield code="c">B203</subfield>
    <subfield code="d">2015-12-12</subfield>
    <subfield code="o">ATM.s YIM 2004 B203 Or.6</subfield>
    <subfield code="p">RUA016981</subfield>
    <subfield code="r">2015-12-12</subfield>
    <subfield code="w">2015-12-12</subfield>
    <subfield code="y">ATMSP</subfield>
  </datafield>
  <datafield tag="952" ind1=" " ind2=" ">
    <subfield code="0">0</subfield>
    <subfield code="1">0</subfield>
    <subfield code="2">ddc</subfield>
    <subfield code="4">0</subfield>
    <subfield code="6">ATM__S_YIM_2004_000000000000000_B203_OR_7</subfield>
    <subfield code="7">0</subfield>
    <subfield code="9">22829</subfield>
    <subfield code="a">LBB</subfield>
    <subfield code="b">LBB</subfield>
    <subfield code="c">B203</subfield>
    <subfield code="d">2015-12-12</subfield>
    <subfield code="o">ATM.s YIM 2004 B203 Or.7</subfield>
    <subfield code="p">RUA016837</subfield>
    <subfield code="r">2015-12-12</subfield>
    <subfield code="w">2015-12-12</subfield>
    <subfield code="y">ATMSP</subfield>
  </datafield>
  <datafield tag="952" ind1=" " ind2=" ">
    <subfield code="0">0</subfield>
    <subfield code="1">0</subfield>
    <subfield code="2">ddc</subfield>
    <subfield code="4">0</subfield>
    <subfield code="6">ATM__S_YIM_2004_000000000000000_B203_OR_8</subfield>
    <subfield code="7">0</subfield>
    <subfield code="9">22830</subfield>
    <subfield code="a">LBB</subfield>
    <subfield code="b">LBB</subfield>
    <subfield code="c">B203</subfield>
    <subfield code="d">2015-12-12</subfield>
    <subfield code="o">ATM.s YIM 2004 B203 Or.8</subfield>
    <subfield code="p">RUA016985</subfield>
    <subfield code="r">2015-12-12</subfield>
    <subfield code="w">2015-12-12</subfield>
    <subfield code="y">ATMSP</subfield>
  </datafield>
  <datafield tag="952" ind1=" " ind2=" ">
    <subfield code="0">0</subfield>
    <subfield code="1">0</subfield>
    <subfield code="2">ddc</subfield>
    <subfield code="4">0</subfield>
    <subfield code="6">ATM__S_YIM_2004_000000000000000_B203_OR_9</subfield>
    <subfield code="7">0</subfield>
    <subfield code="9">22831</subfield>
    <subfield code="a">LBB</subfield>
    <subfield code="b">LBB</subfield>
    <subfield code="c">B203</subfield>
    <subfield code="d">2015-12-12</subfield>
    <subfield code="o">ATM.s YIM 2004 B203 Or.9</subfield>
    <subfield code="p">RUA016765</subfield>
    <subfield code="r">2015-12-12</subfield>
    <subfield code="w">2015-12-12</subfield>
    <subfield code="y">ATMSP</subfield>
  </datafield>
  <datafield tag="952" ind1=" " ind2=" ">
    <subfield code="0">0</subfield>
    <subfield code="1">0</subfield>
    <subfield code="2">ddc</subfield>
    <subfield code="4">0</subfield>
    <subfield code="6">ATM__S_YIM_2004_000000000000000_B203_OR_10</subfield>
    <subfield code="7">0</subfield>
    <subfield code="9">22832</subfield>
    <subfield code="a">LBB</subfield>
    <subfield code="b">LBB</subfield>
    <subfield code="c">B203</subfield>
    <subfield code="d">2015-12-12</subfield>
    <subfield code="o">ATM.s YIM 2004 B203 Or.10</subfield>
    <subfield code="p">RUA016970</subfield>
    <subfield code="r">2015-12-12</subfield>
    <subfield code="w">2015-12-12</subfield>
    <subfield code="y">ATMSP</subfield>
  </datafield>
  <datafield tag="952" ind1=" " ind2=" ">
    <subfield code="0">0</subfield>
    <subfield code="1">0</subfield>
    <subfield code="2">ddc</subfield>
    <subfield code="4">0</subfield>
    <subfield code="6">ATM__S_YIM_2004_000000000000000_B203_OR_11</subfield>
    <subfield code="7">0</subfield>
    <subfield code="9">22833</subfield>
    <subfield code="a">LBB</subfield>
    <subfield code="b">LBB</subfield>
    <subfield code="c">B203</subfield>
    <subfield code="d">2015-12-12</subfield>
    <subfield code="l">1</subfield>
    <subfield code="o">ATM.s YIM 2004 B203 Or.11</subfield>
    <subfield code="p">RUA016554</subfield>
    <subfield code="r">2018-12-04</subfield>
    <subfield code="s">2018-11-20</subfield>
    <subfield code="w">2015-12-12</subfield>
    <subfield code="y">ATMSP</subfield>
  </datafield>
  <datafield tag="952" ind1=" " ind2=" ">
    <subfield code="0">0</subfield>
    <subfield code="1">0</subfield>
    <subfield code="2">ddc</subfield>
    <subfield code="4">0</subfield>
    <subfield code="6">ATM__S_YIM_2004_000000000000000_B203_OR_12</subfield>
    <subfield code="7">0</subfield>
    <subfield code="9">22834</subfield>
    <subfield code="a">LBB</subfield>
    <subfield code="b">LBB</subfield>
    <subfield code="c">B203</subfield>
    <subfield code="d">2015-12-12</subfield>
    <subfield code="l">1</subfield>
    <subfield code="o">ATM.s YIM 2004 B203 Or.12</subfield>
    <subfield code="p">RUA016695</subfield>
    <subfield code="r">2025-12-01</subfield>
    <subfield code="s">2025-11-28</subfield>
    <subfield code="w">2015-12-12</subfield>
    <subfield code="y">ATMSP</subfield>
  </datafield>
</record>
